New scientist. (Registro nro. 20245)

Detalles MARC
000 -CABECERA
Campo de control 00911nas a2200229 a 4500
005 - FECHA Y HORA DE LA ULTIMA TRANSACCION
Campo de control 20180703122807.0
008 - ELEMENTOS DE LONGITUD FIJA—INFORMACION GENERAL
Campo de control 760817c19719999enkwrzp 0 a0eng d
022 ## - ISSN
ISSN 0262-4079
040 ## - FUENTE DE CATALOGACIÓN
Agencia catalogadora original DI
Agencia transcriptora DI
Agencia Modificadora OCoLC
-- FU
-- N
-- NIC
-- MH
-- OCoLC
-- NSDP
-- DLC
-- DLC
-- NST
-- DLC
-- NST
-- DLC
-- SER
-- OCoLC
-- RCS
-- NST
-- AIP
-- MH
-- AIP
-- MH
-- NSDP
-- OCoLC
-- NST
-- InU
-- NST
-- NSDP
-- NST
041 0# - IDIOMA
Código de idioma para texto/pista de sonido o título separado Inglés
044 ## - PAÍS DE PUBLICACIÓN
País de publicación Inglaterra
090 ## - CLASIFICACIÓN LOCAL
Colección SE
245 00 - MENCION DE TITULO
Título New scientist.
260 ## - PUBLICACION, DISTRIBUCION, ETC. (PIE DE IMPRENTA)
Lugar de publicación, distribución, etc. Londres (Inglaterra) :
Nombre del editor, distribuidor, etc. New Science Publications,
Fecha de publicación, distribución, etc. 1971-
300 ## - DESCRIPCION FISICA
Otros detalles físicos ilustraciones ;
Dimensiones 29 cm.
525 ## - SUPPLEMENT NOTE
Supplement note Some issues include: computer laser optical disc (4 3/4 in.)
583 ## - ACTION NOTE
Materials specified 1990:Feb.-2011:Sep.
Institution to which field applies UkOxU
650 26 - ASIENTO SECUNDARIO DE MATERIA - TERMINO TEMATICO
Término temático o nombre geográfico como elemento de entrada Ciencia
Subdivisión de forma Publicaciones periódicas
9 (RLIN) 91678
650 26 - ASIENTO SECUNDARIO DE MATERIA - TERMINO TEMATICO
Término temático o nombre geográfico como elemento de entrada Tecnología
Subdivisión de forma Publicaciones periódicas
9 (RLIN) 91679
780 00 - ASIENTO DEL TITULO ANTERIOR
Title New scientist and science journal
International Standard Serial Number 0369-5808
Record control number (DLC)82644453
-- (OCoLC)2378327
-- (UkOxU)016539229
942 ## - ELEMENTOS ADICIONALES (KOHA)
Sistema de clasificación Local
Tipo de ítem Periodica o revista
Existencias
Withdrawn status Lost status Sistema de Clasificación Damaged status No para préstamo Colección Fecha publicación (Año) Ubicación Permanente Ubicación actual Fecha de adquisición Datos de publicación Seriada Total Checkouts Número topográfico Inventario / Código de Barras Date last seen Ejemplar Price effective from Forma de adquisición Tipo de material
    Local     Hemeroteca 2017 Bogotá Bogotá 04/07/2018 Número especial (01/04/2017)   SE 030147 04/07/2018 Ej. 1 04/07/2018 Donación Periodica o revista